<?xml version="1.0" encoding="UTF-8"?>
<record
    xmlns:xsi="http://www.w3.org/2001/XMLSchema-instance"
    xsi:schemaLocation="http://www.loc.gov/MARC21/slim http://www.loc.gov/standards/marcxml/schema/MARC21slim.xsd"
    xmlns="http://www.loc.gov/MARC21/slim">

  <leader>01510nab a2200241 i 4500</leader>
  <controlfield tag="001">BPP</controlfield>
  <controlfield tag="003">BPK</controlfield>
  <controlfield tag="005">20190610114322.0</controlfield>
  <controlfield tag="008">150323s2004    pl  n  f     |000  0eng</controlfield>
  <datafield tag="040" ind1=" " ind2=" ">
    <subfield code="c">BPK</subfield>
  </datafield>
  <datafield tag="041" ind1=" " ind2=" ">
    <subfield code="a">eng</subfield>
  </datafield>
  <datafield tag="044" ind1=" " ind2=" ">
    <subfield code="a">POL</subfield>
  </datafield>
  <datafield tag="080" ind1=" " ind2=" ">
    <subfield code="a">621.791/.795</subfield>
  </datafield>
  <datafield tag="100" ind1=" " ind2=" ">
    <subfield code="a">BORKOWSKI, Przemys&#x142;aw.</subfield>
    <subfield code="d">1993 - 1996.</subfield>
    <subfield code="b">Wy&#x17C;sza Szko&#x142;a In&#x17C;ynierska w Koszalinie - Wydzia&#x142; Mechaniczny,</subfield>
    <subfield code="c">Katedra In&#x17C;ynierii Mechanicznej</subfield>
  </datafield>
  <datafield tag="245" ind1=" " ind2=" ">
    <subfield code="a">Themodynamical aspects of high-pressure water-ice jet surface treatment = Termodynamiczne aspekty obr&#xF3;bki powierzchni wysokoci&#x15B;nieniow&#x105; strug&#x105; wodno-lodow&#x105; /</subfield>
    <subfield code="c">Borkowski Przemys&#x142;aw.</subfield>
  </datafield>
  <datafield tag="260" ind1=" " ind2=" ">
    <subfield code="c">2004.</subfield>
  </datafield>
  <datafield tag="500" ind1=" " ind2=" ">
    <subfield code="a">Dane z autopsji.</subfield>
  </datafield>
  <datafield tag="520" ind1=" " ind2=" ">
    <subfield code="a">W pracy zaprezentowano teoretyczn&#x105; analiz&#x119; termodynamiczn&#x105; kszta&#x142;towania strugi wodno-lodowej. W rozwa&#x17C;aniach przyj&#x119;to kulisy model ziarna lodu o r&#xF3;&#x17C;nej &#x15B;rednicy. Przeprowadzona analiza dotyczy g&#x142;&#xF3;wnie warunk&#xF3;w transportu takiego "&#x15B;cierniwa lodowego" do kriotryskacza oraz sch&#x142;adzania wysokoci&#x15B;nieniowej strugi wodnej w kriogenicznej instalacji technologicznej. Przeprowadzone rozwa&#x17C;ania i wyniki bada&#x144; maj&#x105; na celu ustalenie priorytetowych kierunk&#xF3;w intensyfikuj&#x105;cych erozyjno&#x15B;&#x107; strugi, a tym samym zwi&#x119;kszenie wydajno&#x15B;ci narz&#x119;dzia obr&#xF3;bkowego.</subfield>
  </datafield>
  <datafield tag="650" ind1=" " ind2="0">
    <subfield code="a">Obr&#xF3;bka wodno-&#x15B;cierna.</subfield>
  </datafield>
  <datafield tag="650" ind1=" " ind2="0">
    <subfield code="a">In&#x17C;ynieria powierzchni</subfield>
  </datafield>
  <datafield tag="773" ind1=" " ind2=" ">
    <subfield code="i">W :</subfield>
    <subfield code="t">Advances in Manufacturing Science and Technology = Post&#x119;py Technologii Maszyn. -</subfield>
    <subfield code="g">Vol. 28, 2004, nr 2, s. 79-90</subfield>
  </datafield>
  <datafield tag="942" ind1=" " ind2=" ">
    <subfield code="c">ART</subfield>
    <subfield code="2">UKD</subfield>
  </datafield>
  <datafield tag="999" ind1=" " ind2=" ">
    <subfield code="c">3902</subfield>
    <subfield code="d">3902</subfield>
  </datafield>
  <datafield tag="952" ind1=" " ind2=" ">
    <subfield code="0">0</subfield>
    <subfield code="1">0</subfield>
    <subfield code="4">0</subfield>
    <subfield code="7">0</subfield>
    <subfield code="a">BPK</subfield>
    <subfield code="b">BPK</subfield>
    <subfield code="o">0953</subfield>
    <subfield code="y">ART</subfield>
  </datafield>
</record>
